[Event "Budapest Vezerkepzo Autumn GM"]
[Site "Budapest"]
[Date "2023.10.26"]
[Round "8"]
[White "Ochs, Daniel Elias"]
[Black "Rorrer, Grayson"]
[Result "1/2-1/2"]
[WhiteElo "2300"]
[BlackElo "2288"]
[PlyCount "82"]
[EventDate "2023.10.19"]
[EventType "tourn"]
[EventRounds "9"]
[EventCountry "HUN"]
[EventCategory "6"]
[SourceTitle "Mega2024 Update 01"]
[Source "Chessbase"]
[SourceDate "2023.11.12"]
[SourceVersion "1"]
[SourceVersionDate "2023.11.12"]
[SourceQuality "1"]

1. d4 Nf6 2. Nf3 e6 3. c4 d5 4. e3 Be7 5. b3 0-0 6. Bb2 c5 7. dxc5 Bxc5 8. Nbd2 Nc6 9. a3 a5 10. cxd5 exd5 11. Bd3 Qe7 12. 0-0 Ne4 13. Qe2 Bg4 14. Rfd1 Rfe8 15. h3 Bh5 16. Bb5 Qc7 17. Nf1 Rad8 18. Rac1 Qb6 19. a4 Ng5 20. N1h2 Ne6 21. Qf1 Bd6 22. Rd2 Bg6 23. Qd1 Be4 24. Nd4 Nexd4 25. Bxd4 Nxd4 26. Rxd4 Rf8 27. Qe2 Ba3 28. Ra1 Bb4 29. Rdd1 Bc3 30. Rac1 Bf6 31. Ng4 Be7 32. Ne5 Qe6 33. Nf3 Rc8 34. Nd4 Qe5 35. Bd3 Bd6 36. f4 Qe7 37. Bxe4 Qxe4 38. Qf3 Rxc1 39. Rxc1 Qd3 40. Rd1 Qe4 41. Qxe4 dxe4 1/2-1/2

[Event "Dieren op"]
[Site "Dieren"]
[Date "2022.07.26"]
[Round "1"]
[White "Ochs, Daniel Elias"]
[Black "Burdalev, Kirill"]
[Result "1/2-1/2"]
[WhiteElo "2156"]
[BlackElo "2381"]
[PlyCount "61"]
[EventDate "2022.07.26"]
[EventType "swiss"]
[EventRounds "9"]
[EventCountry "NED"]
[SourceTitle "CBM 209 Extra"]
[Source "ChessBase"]
[SourceDate "2022.09.30"]
[SourceVersion "1"]
[SourceVersionDate "2022.09.30"]
[SourceQuality "1"]

1. d4 d5 2. c4 c6 3. Nf3 Nf6 4. Qb3 dxc4 5. Qxc4 Bf5 6. g3 e6 7. Bg2 Be7 8. 0-0 0-0 9. Nc3 Nbd7 10. Re1 Bg6 11. Qb3 Qb6 12. e4 Qxb3 13. axb3 Bb4 14. Nh4 Bh5 15. h3 Ne8 16. g4 Bg6 17. Be3 Nc7 18. f4 Be7 19. Bf2 Bxh4 20. Bxh4 f6 21. Bf2 Bf7 22. Ra5 Rfe8 23. Rea1 a6 24. Rc1 Rac8 25. Raa1 e5 26. fxe5 Bxb3 27. exf6 Nxf6 28. e5 Nd7 29. Ne4 Nb5 30. Nc3 Nc7 31. Ne4 1/2-1/2

[Event "Innsbruck op 5th"]
[Site "Innsbruck"]
[Date "2021.08.24"]
[Round "5"]
[White "Friesen, Bas"]
[Black "Ochs, Daniel Elias"]
[Result "1/2-1/2"]
[WhiteElo "1981"]
[BlackElo "2064"]
[PlyCount "58"]
[EventDate "2021.08.21"]
[EventType "swiss"]
[EventRounds "9"]
[EventCountry "AUT"]
[SourceTitle "CBM 204 Extra"]
[Source "ChessBase"]
[SourceDate "2021.11.30"]
[SourceVersion "1"]
[SourceVersionDate "2021.11.30"]
[SourceQuality "1"]

1. d4 e6 2. Nf3 f5 3. g3 Nf6 4. Bg2 d5 5. 0-0 Bd6 6. c4 c6 7. b3 Qe7 8. Bb2 0-0 9. Qc1 b6 10. Nbd2 Bb7 11. Ne5 Nbd7 12. Nxd7 Qxd7 13. e3 Ne4 14. f4 Nxd2 15. Qxd2 a5 16. a4 Ba6 17. Rfc1 Rfc8 18. Bf1 Qe7 19. Rc2 Rc7 20. Rac1 Bb4 21. Bc3 Ba3 22. Bb2 Bb4 23. Bc3 Ba3 24. Bb2 Bxb2 25. Rxb2 Qa3 26. Rc3 Qb4 27. Rc1 Qa3 28. Rc3 Qb4 29. Rc1 Qa3 1/2-1/2

[Event "GER-ch Net blitz sf"]
[Site "Playchess.com INT"]
[Date "2021.06.05"]
[Round "8"]
[White "Ochs, Daniel Elias"]
[Black "Fromm, Marius"]
[Result "0-1"]
[WhiteElo "2205"]
[BlackElo "1625"]
[PlyCount "102"]
[EventDate "2021.06.05"]
[EventType "swiss (blitz)"]
[EventRounds "13"]
[EventCountry "GER"]
[SourceTitle "EXT 2023"]
[Source "ChessBase"]
[SourceDate "2022.10.05"]
[SourceVersion "1"]
[SourceVersionDate "2022.10.05"]
[SourceQuality "1"]

1. d4 Nf6 2. Nf3 e6 3. c4 c5 4. e3 d5 5. a3 a6 6. dxc5 Bxc5 7. b4 Ba7 8. Bb2 0-0 9. Nbd2 dxc4 10. Nxc4 b5 11. Nd6 Nbd7 12. Nxc8 Rxc8 13. Bd3 Qe7 14. 0-0 Rfd8 15. Qe2 Nb6 16. Rac1 Nfd5 17. Ne5 Bb8 18. Nc6 Qh4 19. g3 Qh3 20. Nxd8 Rxd8 21. e4 Nf4 22. gxf4 Bxf4 23. f3 Rxd3 24. Rc6 Rd2 25. Rf2 Rxe2 26. Rxe2 Nd7 27. Rg2 g6 28. Kf2 Qh4+ 29. Ke2 Nf8 30. Rc8 Qh5 31. Bf6 Be5 32. Be7 Bg7 33. Ra8 Qe5 34. Kf2 h5 35. h4 Qb2+ 36. Kg3 Qe5+ 37. Kh3 Qf4 38. Rg3 Qe5 39. Rg5 Qc3 40. Kg3 Qc7+ 41. f4 Qxe7 42. Rc5 Qd7 43. Rcc8 Qd3+ 44. Kg2 Qxe4+ 45. Kf2 Qxf4+ 46. Ke2 Qe4+ 47. Kd2 Qxh4 48. a4 Qh2+ 49. Kc1 Qg1+ 50. Kc2 Qf2+ 51. Kb3 Qb2# 0-1